[Event "Torino-ch 36th"]
[Site "Torino"]
[Date "2011.11.28"]
[Round "4"]
[White "Macheda, Andrea"]
[Black "Pesce, Eugenio"]
[Result "1-0"]
[WhiteElo "1903"]
[BlackElo "1566"]
[PlyCount "89"]
[EventDate "2011.11.07"]
[EventType "swiss"]
[EventRounds "7"]
[EventCountry "ITA"]
[SourceTitle "EXT 2015"]
[Source "ChessBase"]
[SourceDate "2014.11.20"]
[SourceVersion "1"]
[SourceVersionDate "2014.11.20"]
[SourceQuality "1"]

1. d4 Nf6 2. c4 e6 3. Nf3 g6 4. Nc3 d6 5. e4 Nc6 6. Be2 Bd7 7. 0-0 Bg7 8. Re1 0-0 9. a3 e5 10. d5 Ne7 11. b4 a5 12. Bb2 axb4 13. axb4 c6 14. Rxa8 Qxa8 15. dxc6 Nxc6 16. Qxd6 Rd8 17. Ra1 Qc8 18. Nxe5 Bf5 19. Nxc6 bxc6 20. Qf4 Rd4 21. Qe3 Nxe4 22. Nxe4 Rxe4 23. Qd2 Bxb2 24. Qxb2 Qe8 25. Bf1 Re1 26. Rxe1 Qxe1 27. Qe2 Qxb4 28. Qe8+ Kg7 29. Qxc6 Qb1 30. Qd5 Be4 31. Qd4+ Kg8 32. f3 Bf5 33. Kf2 Qc2+ 34. Be2 Be6 35. c5 Qa2 36. c6 Kf8 37. Qc5+ Ke8 38. c7 Bc8 39. Qd6 Bd7 40. Qe5+ Qe6 41. Qxe6+ Bxe6 42. Ba6 f6 43. c8Q+ Bxc8 44. Bxc8 g5 45. Ke3 1-0

[Event "Torino Sada op"]
[Site "Torino"]
[Date "2011.10.10"]
[Round "4"]
[White "Piccione, Giuseppe"]
[Black "Pesce, Eugenio"]
[Result "0-1"]
[WhiteElo "1440"]
[BlackElo "1566"]
[PlyCount "54"]
[EventDate "2011.09.19"]
[EventType "swiss"]
[EventRounds "7"]
[EventCountry "ITA"]
[SourceTitle "EXT 2018"]
[Source "ChessBase"]
[SourceDate "2017.10.13"]
[SourceVersion "1"]
[SourceVersionDate "2017.10.13"]
[SourceQuality "1"]

1. e4 e5 2. d4 exd4 3. Qxd4 Nc6 4. Qc3 Bb4 5. Qd2 Bxd2+ 6. Bxd2 d6 7. Be2 Nf6 8. Nc3 Bg4 9. Bg5 Bxe2 10. Ngxe2 h6 11. Bh4 g5 12. Bg3 Qe7 13. f3 0-0-0 14. 0-0 Nh5 15. Nd5 Qe6 16. f4 Nxg3 17. Nxg3 gxf4 18. Rxf4 Rdf8 19. c4 Qe5 20. Rb1 Qd4+ 21. Kh1 Ne5 22. b3 Qd3 23. Rff1 h5 24. Rbd1 Qc2 25. Ra1 h4 26. Ne3 Qc3 27. Ne2 Qxe3 0-1